00336cam a2200133 a 4500020001500000082001500015245003700030250001200067260004300079300002300122650002300145650001700168700001700185 a080312080X00a661.81 MAN00aManual on hydrocarbon analysis / a6th ed. aWest Conshohocken, PA :bASTM,cc1998. aix, 1061 :bill. ; 0aPetroleum products 0aHydrocarbons1 aDrews, A. W.